Marketing Management (Record no. 9132)

MARC details
000 -LEADER
fixed length control field 00402nam a22001697a 4500
003 - CONTROL NUMBER IDENTIFIER
control field OSt
008 - FIXED-LENGTH DATA ELEMENTS--GENERAL INFORMATION
fixed length control field 201117b ||||| |||| 00| 0 eng d
020 ## - INTERNATIONAL STANDARD BOOK NUMBER
International Standard Book Number 9789352807383
100 ## - MAIN ENTRY--PERSONAL NAME
Personal name RAMASWAMEY, V. S.
245 ## - TITLE STATEMENT
Title Marketing Management
250 ## - EDITION STATEMENT
Edition statement 6 ed
260 ## - PUBLICATION, DISTRIBUTION, ETC. (IMPRINT)
Place of publication, distribution, etc New Delhi
Name of publisher, distributor, etc Sage Publications
Date of publication, distribution, etc 2018
300 ## - PHYSICAL DESCRIPTION
Extent 798
650 ## - SUBJECT ADDED ENTRY--TOPICAL TERM
Topical term or geographic name as entry element B.Com. Hons
700 ## - ADDED ENTRY--PERSONAL NAME
Personal name NAMANKUMARI, S.
942 ## - ADDED ENTRY ELEMENTS (KOHA)
Source of classification or shelving scheme Dewey Decimal Classification
Koha item type Text Books
Holdings
Withdrawn status Lost status Source of classification or shelving scheme Damaged status Not for loan Collection code Home library Current library Date acquired Source of acquisition Currency Cost, normal purchase price Bill Number Total Checkouts Acc. no. / Barcode Date last seen Actual Cost, discounted price Bill Date Koha item type
    Dewey Decimal Classification     B.Com. Hons PIET NCR College Library PIET NCR College Library 17/11/2020 Kirti Prakashan IN Rupees 995.00 IN254   N146 17/11/2020 676.50 05/08/2020 Reference Books
    Dewey Decimal Classification     B.Com. Hons PIET NCR College Library PIET NCR College Library 17/11/2020 Kirti Prakashan IN Rupees 995.00 IN254   N147 17/11/2020 676.50 05/08/2020 Text Books
    Dewey Decimal Classification     B.Com. Hons PIET NCR College Library PIET NCR College Library 17/11/2020 Kirti Prakashan IN Rupees 995.00 IN254   N148 17/11/2020 676.50 05/08/2020 Text Books
    Dewey Decimal Classification     B.Com. Hons PIET NCR College Library PIET NCR College Library 17/11/2020 Kirti Prakashan IN Rupees 995.00 IN254   N149 17/11/2020 676.50 05/08/2020 Text Books
    Dewey Decimal Classification     B.Com. Hons PIET NCR College Library PIET NCR College Library 17/11/2020 Kirti Prakashan IN Rupees 995.00 IN254   N150 17/11/2020 676.50 05/08/2020 Text Books
    Dewey Decimal Classification     B.Com. Hons PIET NCR College Library PIET NCR College Library 17/11/2020 Kirti Prakashan IN Rupees 995.00 IN254   N151 17/11/2020 676.50 05/08/2020 Text Books

Design & Developed by: PIET Central Library
R70 Miles Stone Pattikalyana Samalkha Panipat 132102
mail ID :- [email protected], Phone No:- 0180-2569700 Ex.216